000
00304nam a2200133Ia 4500
008
231129s1979||||xx |||||||||||||| ||spa||
040
_b
spa
082
_a
658.568 G761c
100
_a
Grant Eugene L.
245
0
_a
Control estadistico de calidad
260
_c
1979
264
_a
Cecsa
942
_2
ddc
_c
BKS
999
_c
8074
_d
8074